000 01461cam a22004214i 4500
003 PE-LiUPU
005 20250731173056.0
008 150623s r 000 0 d
035 _a(Sirsi) a24287
040 _aPE-LiUPU
_bspa
_cPE-LiUPU
_erda
082 0 4 _a261.7
_bG7
_221
100 1 _aGraybill, Ronald D.,
_eautor.
245 1 0 _aE. G. White and Church Race Relations.
264 1 _a
300 _a.
336 _atext
_2rdacontent
337 _aunmediated
_2rdamedia
338 _avolume
_2rdacarrier
526 _aSEG42
526 _aSEG41
526 _aSEG40
526 _aSEG39
526 _aP94
526 _aP87
526 _aP86
526 _aP85
526 _aP77
526 _aP76
526 _aP35
942 _2ddc
_cBOOK
949 _a261.7 G7
_wDEWEY
_c1
_i18574
_lCCODEBUL1
_mBUL
_p00.00
_r0
_sY
_tBOOK
_u2015-06-24
_xBIBLIOTECA
_zUNKNOWN
_0COMPRA
_o.STAFF. Colección General
949 _a261.7 G7
_wDEWEY
_c2
_i21705
_lCCODEBUL1
_mBUL
_p00.00
_r0
_sY
_tBOOK
_u2015-06-24
_xBIBLIOTECA
_zUNKNOWN
_0COMPRA
_o.STAFF. Colección General
596 _a1
999 _a261.7 G7
_wDEWEY
_c27747
_i18574
_f2019-12-10
_g4
_lDISCARD
_mBUL
_r1
_sY
_tBOOK
_u2015-6-24
_xUNKNOWN
_zUNKNOWN
_0COMPRA
_o.STAFF. Colección General
_d27747
999 _a261.7 G7
_wDEWEY
_c2
_i21705
_f2021-11-10
_g5
_lCCODEBUL1
_mBUL
_r0
_sY
_tBOOK
_u2015-6-24
_xTEOLOGIA
_zUNKNOWN
_0COMPRA
_o.STAFF. Colección General
980 _81
_gALBERTO SANCHEZ Responsable de Automatización